LEADER 01341nam--2200409---450- 001 990000744670203316 005 20051103131857.0 010 $a88-15-05301-8 035 $a0074467 035 $aUSA010074467 035 $a(ALEPH)000074467USA01 035 $a0074467 100 $a20011115d1996----km-y0itay0103----ba 101 $aita 102 $aIT 105 $a||||||||001yy 200 1 $aMetodi di ricerca in psicologia clinica$fAlan E. Kazdin$g[traduzione di Umberto Castiello] 210 $aBologna$cIl mulino$aHemel Hempstead$cPrentice hall international$d1996 215 $a568 p$d24 cm 225 2 $aStrumenti$iPsicologia 312 $aResearch design in clinical psychology 410 $12001$aStrumenti$iPsicologia 454 $12001$aResearch design in clinical psychology$937838 606 0 $aPsicologia clinica 676 $a616.890072 700 1$aKAZDIN,$bAlan E.$0223815 801 0$aIT$bsalbc$gISBD 912 $a990000744670203316 951 $aII.3. Coll.42/ 62(VI ps B COLL. 91/31)$b133243 LM$cVI ps B COLL. 959 $aBK 969 $aUMA 979 $aPATTY$b90$c20011115$lUSA01$h1133 979 $c20020403$lUSA01$h1722 979 $aPATRY$b90$c20040406$lUSA01$h1651 979 $aCOPAT5$b90$c20051103$lUSA01$h1318 996 $aResearch design in clinical psychology$937838 997 $aUNISA